| 000 | 00837nam a22002657a 4500 | ||
|---|---|---|---|
| 001 | 00260 | ||
| 003 | DO-SdBNP | ||
| 005 | 20171214105243.0 | ||
| 008 | 151214b 1970 sp xxu||||| |||| 00| 0 spa d | ||
| 040 |
_aBPMSU _bspa _cBPMSU |
||
| 092 |
_axxxxx _bxxxxx |
||
| 100 | 1 |
_aVicens Vives, Jaime, _d1910-1960. |
|
| 245 | 1 | 0 |
_aAproximación a la historia de España / _cJaime Vicens Vives ; Prólogo de E. Giralt y Raventos. |
| 260 |
_aBarcelona : _bSalvat Editores, _c1970. |
||
| 300 |
_a185 p. : _bil., mapas ; _c19 cm. |
||
| 490 | 1 |
_aLibro RTV _v; 57 |
|
| 490 | 1 | _a Biblioteca Básica Salvat | |
| 700 | 1 | 2 |
_aGiralt y Raventós, Emili, _ePról. |
| 830 | 0 |
_aLibro RTV _n; 57 |
|
| 830 | 0 | _aBiblioteca Básica Salvat | |
| 910 | _a00260 | ||
| 942 |
_2ddc _cBK |
||
| 945 | _ainventariado extranjero / DG | ||
| 956 |
_aLorenza Pérez _b10 |
||
| 999 |
_c9106 _d9106 |
||